Представление документа в формате MARC21

Поле Инд. ПП Название Значение
Тип записи a
Библиографический уровень m
001 Контрольный номер da81f03f-ca3a-4b1c-939b-6415685495fc
005 Дата корректировки 20140703173659.8
008 Кодируемые данные 081009
020 c Цена, тираж б/ц
040 a Служба первич. каталог. НБ ТвГУ
041 a Код языка текста rus
080 a Индекс УДК 378.016:811.111'276.6:34(043.3)
084 a Индекс другой классификации/Индекс ББК Ш143.21-913я031
a Индекс другой классификации/Индекс ББК Ш143.21-34:Х.я031
090 x Авторский знак М42
a Полочн. индекс Ш143.21
100 1_ a Автор Медведева Лариса Георгиевна
245 10 a Заглавие Методика формирования профессионально ориентированного иноязычного тезауруса (английский язык, специальность 021100 - "юриспруденция")
b Продолж. заглавия автореф. дис. ... канд. пед. наук : 13.00.02
c Ответственность Томский гос. ун-т
260 0_ a Место издания Тамбов
b Издательство Тамбовский гос. ун-т
c Дата издания 2008
300 a Объем 23 с.
504 a Библиография Библиогр. в подстроч. примеч.
583 a Действие Получение впервые 224 08.10.2008
650 a Основная рубрика Английский язык
x Основная подрубрика Методика преподавания в вузе
650 a Основная рубрика Английский язык
x Основная подрубрика Терминология юридическая
653 a Ключевые слова Английский язык в вузе
a Ключевые слова Преподавание английского языка
a Ключевые слова Терминология
a Ключевые слова Юридическая терминология
a Ключевые слова Английская юридическая терминология
a Ключевые слова Авторефераты
a Ключевые слова Методика
852 t Порядковый номер экземпляра 1
p Инвентарный номер б/н
888 a Бесплатные
930 a Новая/Ретро методика
a Новая/Ретро авторефераты
952 p 224.2008 б/ц 1 б/н
c Вид литературы А/Р н
954 a Дата поступления на обработку 20090401
999 a Подразделение 2 ч.з.